书目信息 |
| 题名: |
写作
|
|
| 作者: | 刘庆梅 主编 | |
| 分册: | ||
| 出版信息: | 北京 清华大学出版社 2004.10 |
|
| 页数: | 233页 | |
| 开本: | 23cm | |
| 丛书名: | 2005MBA联考清华辅导教材 | |
| 单 册: | ||
| 中图分类: | H15 | |
| 科图分类: | ||
| 主题词: | 汉语--han yu--写作--研究生--入学考试--自学参考资料 , 汉语--han yu , 写作--xie zuo | |
| 电子资源: | ||
| ISBN: | 7-302-09585-X | |
| 000 | 00996nam0 2200277 45 | |
| 001 | 0120050000 | |
| 005 | 20061012162046.37 | |
| 010 | @a7-302-09585-X@dCNY28.00 | |
| 100 | @a20050411d2004 em y0chiy0121 ea | |
| 101 | 0 | @achi |
| 102 | @aCN@b110000 | |
| 105 | @ay z 000yy | |
| 200 | 1 | @a写作@Axie zuo@f刘庆梅主编 |
| 210 | @a北京@c清华大学出版社@d2004.10 | |
| 215 | @a233页@d23cm | |
| 225 | 2 | @a2005MBA联考清华辅导教材@A2005MBA lian kao qing hua fu dao jiao cai |
| 330 | @a本书论述的是论证有效性分析的写作,澄清了错误概念,概括了12种论证推理错误,对比了高分和低分之间的差距,并且精编了50套试题供考生进行模拟实战,并为论说文的写作分析明确了写作要求。 | |
| 333 | @a阅读对象:参加2005年MBA联考的广大考生 | |
| 461 | 0 | @12001 @a2005MBA联考清华辅导教材 |
| 606 | 0 | @a汉语@Ahan yu@x写作@x研究生@x入学考试@j自学参考资料 |
| 606 | 0 | @a汉语@Ahan yu |
| 606 | 0 | @a写作@Axie zuo |
| 690 | @aH15@v4 | |
| 701 | 0 | @a刘庆梅@Aliu qing mei@4主编 |
| 801 | 0 | @aCN@c20061012 |
| 905 | @a10447@dH15@eL664 | |
| 写作/刘庆梅主编.-北京:清华大学出版社,2004.10 |
| 233页;23cm.-(2005MBA联考清华辅导教材) |
| 使用对象:阅读对象:参加2005年MBA联考的广大考生 |
| ISBN 7-302-09585-X:CNY28.00 |
| 本书论述的是论证有效性分析的写作,澄清了错误概念,概括了12种论证推理错误,对比了高分和低分之间的差距,并且精编了50套试题供考生进行模拟实战,并为论说文的写作分析明确了写作要求。 |
| ● |
| 相关链接 |
|
|
|
正题名:写作
索取号:H15/L664
 
预约/预借
| 序号 | 登录号 | 条形码 | 馆藏地/架位号 | 状态 | 备注 |
| 1 | 549985 | 205499851 | 语言库209/209语言库 73排4列6层/ [索取号:H15/L664] | 在馆 | |
| 2 | 549986 | 205499860 | 语言库209/209语言库 73排4列6层/ [索取号:H15/L664] | 在馆 | |
| 3 | 549987 | 205499879 | 语言库209/209语言库 73排4列6层/ [索取号:H15/L664] | 在馆 |